00290nam a2200109Ia 4500008004100000082001000041100002000051245005000071250000800121260004300129300000800172191201s2010 xx 000 0 und d a5.133 aPETERS, James F 0aSoftware Engineering an engineering approachs aRep c2010bWiley Dreautech IndiaaNEW DELHI a702